00781cam a22002291 4500001000500000005001700005020001800022040002600040050001400066082001100080100002100091245007100112250004200183260003700225300005800262490003400320505000800354520012600362521002000488521002000508650002300528291320250502085505.0 a9780545215787 aDLCcTxViHUdDLCbeng00aPZ7.B7633 a813.541 aBridwell, Norman10aClifford, the big red dog/cStory and pictures by Norman Bridwell. aThis edition first printing, May 2010 aNew York :bScholastic , c1963  a29 unnumbered pages :bcolor illustrations ;c21 cm.  a Clifford the Big Red Dog (1) aG  aEmily Elizabeth describes the activities she enjoys with her very big, very red dog and how they take care of each other. a360 bLexile  aG bRaz-Plus  aclifford vfiction